Aė̳s regressivas acidentr̀ias 2® ediȯ̂ revista e atualizada 2013

Bibliographic Details
Main Author: Maciel, Fernando
Format: eBook
Language:Portuguese
Published: San Pablo: LTR Editora, 2013
Subjects:
Online Access:Acceso restringido

MARC

LEADER 00000nam a22000007a 4500
005 20150812230457.0
007 cr|||| ||||
008 150812s2013 br |||||s|||| 00||0 por d
020 |a 9788536125954 
035 |a 12781 
040 |a vLex 
090 |c 5530  |d 5530 
100 1 |a Maciel, Fernando 
245 1 0 |a Aė̳s regressivas acidentr̀ias  |h [Recurso electrn̤ico] /  |c Fernando Maciel  |n 2® ediȯ̂ revista e atualizada 2013 
256 |a Servicio en ln̕ea 
260 |a San Pablo:  |b LTR Editora,  |c 2013 
300 |a 1 recurso electrn̤ico 
500 |a Trs̊ anos passados aps̤ a primeira ediȯ̂, trazemos uma versô revista e atualizada de Aė̳s Regressivas Acidentr̀ias, em que procuramos aprofundar a anl̀ise dos fundamentos normativos, constitucionais e infraconstitucionais desse instituto jurd̕ico que o Instituto Nacional do Seguro Social (INSS), representado pela Procuradoria-Geral Federal (PGF), tem utilizado nô apenas para viabilizar o ressarcimento da despesa previdencir̀ia com as prestaė̳s sociais acidentr̀ias, mas, principalmente, como instrumento de concretizaȯ̂ da polt̕ica pb︢lica de prevenȯ̂ dos infortn︢ios laborais no Brasil. Entre as novidades da nova ediȯ̂, estô a anl̀ise mais detida das espčies de acidente de trabalho com a abordagem do Nexo Tčnico Previdencir̀io (NTP), os pressupostos para o ajuizamento de uma aȯ̂ regressiva, o estudo da (in)viabilidade jurd̕ica das ARAs aps̤ o advento do Fator Acidentr̀io de Prevenȯ̂ (FAP), o instituto da prescriȯ̂, a (im)possibilidade de denunciaȯ̂ da lide ̉seguradora, entre outros temas atuais. Considerando o atual estado de consolidaȯ̂ jurisprudencial acerca das diversas controvřsias materiais e processuais surgidas no ḿbito de uma ARA, no anexo desta obra h ̀um rol de precedentes jurisprudenciais acerca das matřias versadas no texto. Assim como a primeira ediȯ̂, primeira obra monogrf̀ica sobre o tema no Brasil, este estudo objetiva suscitar o debate acerca da matřia, razô pela qual a sua leitura ̌recomendada a juz̕es, procuradores, advogados, profissionais da r̀ea de sad︢e e seguranȧ do trabalho (auditores fiscais, mďicos, engenheiros, tčnicos de seguranȧ, etc.) e estudantes.  
506 1 |a Disponible solo en los productos indicados  |d vLex Global  |d vLex Global (Academic Edition, excluding Law Schools)  |d vLex Global (U.S. Academic Edition, Law Schools)  |d vLex Global (U.S. Academic Edition, excluding Law Schools)  |d vLex Global (Academic Edition, Law Schools) 
650 0 4 |a Derecho Civil  |z Brasil 
740 0 |a vLex Libros (Servicio en ln̕ea) 
856 4 0 |u http://vlex.com/source/a-es-regressivas-acidentarias-2-edi-o-revista-e-atualizada-2013-12781  |z Acceso restringido 
942 |c BOOK 
999 0 |a Civil Law